| 000 | 00563nam a2200193 i 4500 | ||
|---|---|---|---|
| 001 | 140799 | ||
| 003 | ES-MaACL | ||
| 005 | 20240516063051.0 | ||
| 007 | t| | ||
| 008 | 070917s1946 ag ||||1| spa d | ||
| 100 | 0 |
_aWells, H. G., _d1866-1946 _9116458 |
|
| 245 | 1 | 3 |
_aEl amor y el seƱor Lewisham / _cpor H. G. Wells. |
| 260 |
_aBuenos Aires : _bArgonauta, _c[1946] |
||
| 300 |
_a239 p. ; _c18 cm. |
||
| 490 | 1 | _aBiblioteca moderna | |
| 830 | 0 |
_aBiblioteca moderna _9183640 |
|
| 852 |
_aES-MaACL _jD-5638 _bR.30713 |
||
| 999 |
_c140799 _d140799 |
||